000 00594nam a2200217Ia 4500
003 OSt
005 20220928135334.0
006 a|||||r|||| 00| 0
007 ta
008 220927b |||||||| |||| 00| 0 eng d
024 _a1251
037 _cTextual
040 _aSDCL
_cSDCL
_beng
041 _2eng
_aeng
082 _aX:31.73 'N7, L7
100 _aSchorr Alvin L Ed.
_9489837
245 0 _aJubilee for our Times
_b A practical program for income equality
260 _c1977
942 _hX:31.73 'N7, L7
_cTEXL
_2CC
999 _c805149
_d805149